Transformačný proces podniku - od vstupov po výstupy

Podnikové výrobné faktory a ich rozhodujúca úloha v podnikovom transformačnom procese. Systematizácia podnikových výrobných faktorov. Transformačný proces podniku. Gutenbergov model transformačného procesu. Porterov model transformačného procesu. Podnikový transformačný proces podľa A. Chikána. Výsl...

Descrizione completa

Salvato in:
Dettagli Bibliografici
Autore principale: Dobai Korcsmáros, Enikő
Natura: Capitolo di libro
Lingua:slovacco
Soggetti:
Tags: Aggiungi Tag
Nessun Tag, puoi essere il primo ad aggiungerne!!

MARC

LEADER 00000naa$a2200000$$$4500
001 0152059
005 20240502072721.3
041 0 |a slo 
044 |a SK 
245 1 0 |a Transformačný proces podniku - od vstupov po výstupy  |c Enikő Dobai Korcsmáros 
520 |a Podnikové výrobné faktory a ich rozhodujúca úloha v podnikovom transformačnom procese. Systematizácia podnikových výrobných faktorov. Transformačný proces podniku. Gutenbergov model transformačného procesu. Porterov model transformačného procesu. Podnikový transformačný proces podľa A. Chikána. Výsledky podnikového transformačného procesu. 
610 2 0 |a transformácia podniku 
610 2 0 |a výroba 
610 2 0 |a inovácia 
610 2 0 |a financie 
610 2 0 |a marketing 
610 2 0 |a riadenie 
610 2 0 |a vstupy 
610 2 0 |a výstupy 
610 2 0 |a dodávatelia 
610 2 0 |a odberatelia 
610 2 0 |a výrobky 
610 2 0 |a služby 
100 1 |a Dobai Korcsmáros, Enikő